[Event "5th Cesme Open 2017"]
[Site "Cesme"]
[Date "2017.06.14"]
[Round "4.7"]
[White "Shanava, Konstantine"]
[Black "Grigoriev, Armen"]
[Result "1-0"]
[WhiteElo "2516"]
[BlackElo "2105"]
[Annotator "TA"]
[PlyCount "63"]
[EventType "swiss"]
[EventCountry "TUR"]
[SourceTitle "playchess.com"]
[Source "ChessBase"]
[SourceQuality "1"]

{[%evp 12,63,22,-7,31,16,18,22,12,18,43,39,49,54,76,72,93,90,106,131,196,202,225,191,194,124,193,193,193,194,420,422,451,358,439,394,422,389,702,706,901,897,1040,1028,987,955,29985,29986,29991,29992,29992,29993,29993,29994]} 1. e4 e5 2. Nc3 Nc6 3. Bc4 Nf6 4. d3 d6 5. f4 Be7 6. Nf3 O-O 7. f5 Nd4 {C28: Vienna Game: 2...Nf6 3 Bc4 Nc6} (7... Na5 8. g4 Nxg4 9. Rg1 Nf6 10. Bh6 Ne8 11. Qd2 Nxc4 12. dxc4 f6 13. O-O-O Rf7 14. Rg3 c6 15. Rdg1 {1-0 (35) Wei,Y (2625)-Lin,C (2475) Xinghua 2014}) 8. O-O c6 9. Nxd4 exd4 {The position is equal.} 10. Ne2 b5 11. Bb3 c5 12. a4 $146 ({Predecessor:} 12. Nf4 Bb7 13. a3 Rc8 14. g4 c4 15. Ba2 {1-0 (30) Stolberg Rohr,T (2044)-Svendsen,P (2027) Helsingor 2013}) 12... bxa4 13. Bxa4 Bb7 14. Nf4 Kh8 15. Rf3 Rg8 (15... h6 $16 {was called for.}) 16. Bb3 $18 c4 17. Bxc4 d5 18. exd5 (18. Nxd5 $18 Nxd5 19. Rh3 (19. exd5 Qd7 $18)) 18... Bd6 (18... Qd7 $16 19. Bd2 Qxf5) 19. Rh3 Bc8 20. g4 Bxf4 $2 (20... Re8 {was necessary.} 21. Ng2 Nd7) 21. Bxf4 Nxd5 22. Bd2 {Hoping for Qf3.} Re8 23. Qf3 Re5 24. Rf1 Rb8 $2 (24... f6 25. Qg3 Qg8) 25. Qg3 Qd6 26. Qh4 {[%csl Gh3][%cal Rh4h7]} h6 {[#]} 27. f6 $1 {[%mdl 512]} h5 (27... Nxf6 28. Bxh6) 28. Bg5 Rxg5 29. Qxg5 {[%csl Gf6][%cal Rg5g7] White mates.} Nxf6 {[#]} 30. Rxf6 $1 {[%mdl 512]} Qxf6 31. Qxh5+ Qh6 32. Qxf7 {Precision: White = 89%, Black = 19%.} 1-0

[Event "5th Cesme Open 2017"]
[Site "Cesme"]
[Date "2017.06.14"]
[Round "4.8"]
[White "Lomsadze, Davit"]
[Black "Quparadze, Giga"]
[Result "1/2-1/2"]
[WhiteElo "2341"]
[BlackElo "2509"]
[Annotator "TA"]
[PlyCount "108"]
[EventType "swiss"]
[EventCountry "TUR"]
[SourceTitle "playchess.com"]
[Source "ChessBase"]
[SourceQuality "1"]

{[%evp 9,108,-37,-5,-28,-29,-36,-28,-54,-24,-51,-26,-19,0,0,0,0,0,-15,9,4,9,14,16,18,17,-5,33,17,24,11,2,6,0,2,12,0,11,11,8,14,72,62,66,65,69,79,91,96,118,123,118,72,86,76,56,23,28,28,31,35,70,65,65,65,65,65,65,65,65,65,65,65,65,65,65,65,65,65,65,65,65,65,65,65,65,65,65,65,65,16,65,65,65,65,65,65,65,29,29,29,29]} 1. d4 Nf6 2. g3 e6 3. Bg2 d5 4. Nh3 (4. c4 Bb4+ 5. Bd2 Be7 6. Nf3 O-O 7. O-O c6 8. Qc2 b6 9. Rd1 Bb7 10. Bf4 Nh5 11. Bc1 Nf6 12. Nc3 Na6 13. b3 Qc8 14. Bg5 h6 15. Bxf6 Bxf6 16. Rac1 Rd8 17. e3 dxc4 18. bxc4 c5 19. Ne4 Be7 20. Ne5 Qc7 21. Qe2 cxd4 22. exd4 {0-1 (66) Bauer,C (2624)-Fedorchuk,S (2641) Vandoeuvre 2015}) 4... c5 5. dxc5 Bxc5 6. O-O $146 {D00: 1 d4 d5: Unusual lines} (6. c4 $5) ({Predecessor:} 6. c4 Qa5+ 7. Nd2 dxc4 8. O-O Qa6 9. Qc2 Nc6 10. Qxc4 Qxc4 11. Nxc4 {1-0 (62) Pluess,P (2174)-Salvetti,A (2271) Switzerland 2009}) 6... O-O 7. Nf4 Nc6 8. a3 {Black has an edge.} a6 9. b4 Bd6 (9... Bd4 {looks sharper.} 10. c3 Ba7 11. a4 Re8 12. e3 Bd7) 10. Bb2 Be5 11. Bxe5 Nxe5 12. Nd2 Qc7 13. Nd3 {[%cal Bf4d3,Bd3b2,Bb2a4,Ba4b6][%mdl 32]} Nc4 14. Nxc4 Qxc4 15. Nb2 Qc3 16. Na4 Qc7 17. Qd4 (17. c4 $5) 17... Bd7 18. Nb6 Rad8 19. Qc5 (19. c4 {feels hotter.} dxc4 20. Rfc1 h6 21. Nxc4 Bb5 22. Qc5) 19... Qxc5 20. bxc5 Bc6 21. Rfd1 h6 22. c4 dxc4 23. Bxc6 bxc6 24. Nxc4 Nd5 (24... Rd5 $11 {keeps the balance.}) 25. Na5 Rc8 26. Rd3 Rc7 27. Rb1 f5 {[#]} 28. Rb6 $1 {[%mdl 512]} Nxb6 29. cxb6 $16 {[%mdl 4096] Endgame KRR-KRN} Rcf7 30. Rd6 c5 31. b7 Rb8 32. Rc6 {Threatens to win with Rc8+.} (32. Rxa6 {with more complications.} Rc7 33. Kf1 c4 34. Ke1 c3 35. Kd1) 32... Rfxb7 33. Nxb7 Rxb7 34. Rxe6 $11 {KR-KR} Rb2 35. e3 c4 36. Rxa6 c3 37. Rc6 c2 38. Kg2 g5 39. a4 g4 40. a5 Kg7 41. a6 Ra2 42. a7 Rxa7 {[#] ...Ra2 is the strong threat.} 43. Rxc2 h5 44. Rc5 Kg6 45. Rc6+ Kg7 46. Rc2 Ra1 47. Re2 (47. Rc5 $5 {[%cal Rc5f5]}) 47... Ra4 48. h3 Kg6 49. Rb2 Kg7 50. Rb7+ Kg6 51. Rb6+ Kg7 52. Rd6 Ra2 53. hxg4 hxg4 54. Rd4 Kg6 {Precision: White = 63%, Black = 59%.} 1/2-1/2

[Event "5th Cesme Open 2017"]
[Site "Cesme"]
[Date "2017.06.14"]
[Round "4.9"]
[White "Rasulov, Vugar"]
[Black "Gokerkan, Cem Kaan"]
[Result "1-0"]
[WhiteElo "2508"]
[BlackElo "2333"]
[Annotator "TA"]
[PlyCount "101"]
[EventType "swiss"]
[EventCountry "TUR"]
[SourceTitle "playchess.com"]
[Source "ChessBase"]
[SourceQuality "1"]

{[%evp 21,101,9,17,8,12,0,0,8,8,0,2,-16,-8,-18,36,30,48,47,52,42,33,38,32,18,31,16,15,22,22,14,18,8,39,33,53,45,48,49,61,20,20,20,93,93,93,87,102,87,100,64,64,21,21,18,21,8,50,48,66,70,63,66,206,208,241,221,220,212,219,212,335,308,308,308,460,308,372,376,709,709,706,702]} 1. d4 Nf6 2. Nf3 e6 3. g3 d5 4. Bg2 Be7 5. c4 O-O 6. O-O dxc4 7. Qc2 a6 8. a4 Bd7 9. Qxc4 Bc6 10. Bg5 Nbd7 11. Nc3 h6 12. Bxf6 {E05: Open Catalan: 5 Nf3 Be7} (12. Bf4 Bd6 13. Ne5 Bxg2 14. Kxg2 Nb6 15. Qb3 a5 16. Rfd1 Nfd5 17. Nxd5 exd5 18. Nd3 Bxf4 19. Nxf4 c6 {½-½ (48) Vachier Lagrave,M (2804)-Dominguez Perez,L (2739) Doha 2016}) 12... Nxf6 13. Ne5 Bd5 14. Nxd5 {The position is equal.} exd5 15. Qb3 Rb8 16. Rfd1 $146 ({Predecessor:} 16. Qc3 Bd6 17. b4 c6 18. Nd3 Qe7 19. e3 h5 {½-½ (51) Folk Gilsanz,J (2362)-Pellen,M (2494) ICCF email 2013}) 16... c6 17. Rac1 Nd7 ({Better is} 17... Qd6 $11) 18. e4 $14 Nf6 19. exd5 cxd5 20. Rc2 Qa5 21. h3 Rfd8 22. Rdc1 Bd6 23. Kh2 Qb4 24. Qxb4 Bxb4 25. Nd3 Bd6 26. Bf3 Re8 27. Kg2 Rbd8 28. Rc3 Re7 29. Rb3 Ne4 30. Bg4 Nd2 31. Rbc3 Ree8 {[#]} (31... Re4 $11 {remains equal.}) 32. R1c2 $1 $16 {[%cal Rc2d2]} Nc4 {[#]} 33. Bf3 $1 Na5 34. Bxd5 Bxg3 35. Bf3 ({Stronger than} 35. fxg3 Rxd5 36. Rc8 Rxc8 $17) 35... Bb8 36. d5 {Hoping for b4.} b5 $1 37. Nb4 $36 {[%mdl 2048] White is more active.} bxa4 38. Ra3 Rc8 39. Rxa4 Rc4 40. Rxc4 Nxc4 41. Rxa6 (41. b3 $5 {[%cal Rb3c4]} Nd6 42. Nxa6 $16 (42. Rxa6 Bc7 $16)) 41... Nxb2 (41... Bd6 $14 42. b3 Ne3+ 43. fxe3 Bxb4) 42. d6 $18 Rf8 43. Be2 Rd8 44. Ra8 Kh7 {[#]} 45. d7 $1 {[%mdl 512]} Na4 (45... Bc7 {was called for.} 46. Rxd8 Bxd8) (45... Rxd7 46. Rxb8) 46. Rxa4 Rxd7 47. Nc6 Rb7 (47... Rd2 $142 48. Bc4 Bf4 49. Bxf7 g5) 48. Bc4 f5 49. h4 g6 $2 (49... Bd6 50. h5 Bc5) 50. Nxb8 Rxb8 51. Ra7+ {Precision: White = 58%, Black = 42%.} 1-0

[Event "5th Cesme Open 2017"]
[Site "Cesme"]
[Date "2017.06.14"]
[Round "4.10"]
[White "Ozen, Bahadir"]
[Black "Gleizerov, Evgeny"]
[Result "0-1"]
[WhiteElo "2332"]
[BlackElo "2507"]
[Annotator "TA"]
[PlyCount "78"]
[EventType "swiss"]
[EventCountry "TUR"]
[SourceTitle "playchess.com"]
[Source "ChessBase"]
[SourceQuality "1"]

{[%evp 17,78,-12,0,-8,-4,-7,2,-16,-9,-25,-13,-22,0,0,0,0,15,-17,0,-22,0,-93,-80,-167,13,-148,-112,-126,-105,-102,-103,-88,-81,-72,-75,-60,-65,-70,-35,-41,-38,-115,-100,-189,-154,-281,-168,-225,-210,-215,-166,-528,-510,-675,-666,-810,-759,-687,-704,-863,-691,-29980,-29981]} 1. g3 e5 2. Bg2 d5 3. d3 g6 4. Nf3 Bg7 5. O-O Ne7 6. e4 O-O 7. Nbd2 c5 8. c3 Nbc6 9. a3 {A07: Réti Opening: New York and Capablanca Systems} (9. Qb3 d4 10. Nc4 Bg4 11. h3 Be6 12. cxd4 exd4 13. Ng5 Bc8 14. e5 Nxe5 15. Nxe5 Bxe5 16. Re1 Qc7 {1-0 (33) Pantsulaia,L (2604)-Sethuraman,S (2658) Dubai 2016}) 9... d4 {LiveBook: 3 Games} 10. cxd4 cxd4 11. b4 {The position is equal.} b6 12. Bb2 $146 ({Predecessor:} 12. Re1 f6 13. Qb3+ Kh8 14. a4 a6 15. Ba3 b5 16. axb5 axb5 {0-1 (40) Amato,L (1939)-Tomas Falcon,J (2112) Buenos Aires 2014}) 12... a6 13. Rc1 Bd7 14. Ne1 Nc8 15. f4 f6 16. Nef3 Qe7 17. h4 N8a7 18. Nc4 Nc8 19. f5 (19. Ncd2 $11) 19... Bh6 $17 20. Qb3 (20. Rc2 $17) 20... Kg7 $2 (20... Kh8 $1 $19 21. Ncd2 gxf5 22. exf5 Nd6) 21. Rc2 $2 {[#]} (21. Rce1 $1 $11) 21... b5 $1 {[%cal Rb5c4]} 22. Na5 Nxa5 23. bxa5 Nd6 24. fxg6 hxg6 25. Bc1 ({Wrong is} 25. Rc7 $2 Rfc8 $19) 25... Rac8 26. Bxh6+ Kxh6 27. Rfc1 Rxc2 28. Rxc2 Be6 $36 {[%mdl 2048] Black is pushing.} 29. Qb4 {[#]} (29. Qb2 $15 Rc8 30. Rxc8 Nxc8 31. Kh2) 29... Rc8 $1 {[%cal Rc8c2]} 30. Rf2 (30. Rxc8 $17 {was called for.} Nxc8 31. Qd2+ Kg7 32. Qc1) 30... Kg7 $19 31. Kh2 (31. a4 $17 {is a better defense.}) 31... Rc7 (31... Rc3 $142 32. Rd2 Nc8) 32. Bh3 Bxh3 33. Kxh3 Rc3 34. h5 $2 (34. Ne1 {is a better chance.}) 34... Rxd3 35. Kg2 Qd7 36. hxg6 Nxe4 37. Re2 Nc3 38. Rf2 Qb7 {And now ...Nd1 would win.} 39. g4 Nd1 {Precision: White = 23%, Black = 48%.} 0-1

[Event "5th Cesme Open 2017"]
[Site "Cesme"]
[Date "2017.06.14"]
[Round "4.11"]
[White "Chighladze, Iveri"]
[Black "Khamrakulov, Djurabek"]
[Result "0-1"]
[WhiteElo "2326"]
[BlackElo "2478"]
[Annotator "TA"]
[PlyCount "88"]
[EventType "swiss"]
[EventCountry "TUR"]
[SourceTitle "playchess.com"]
[Source "ChessBase"]
[SourceQuality "1"]

{[%evp 20,88,11,4,4,-2,0,-4,-4,-8,0,0,13,-1,9,0,0,0,0,0,0,0,0,0,0,-12,-12,-7,-5,-5,-1,-8,-8,-8,-7,-7,13,13,51,52,47,42,42,0,0,-10,-7,-25,0,-2,0,-93,-96,-107,-114,-554,-531,-503,-535,-524,-526,-493,-515,-705,-691,-610,-600,-1409,-1375,-1933,-1665]} 1. d4 Nf6 2. c4 e6 3. Nc3 Bb4 4. Qc2 d5 5. cxd5 exd5 6. Bg5 h6 7. Bxf6 Qxf6 8. a3 Bxc3+ 9. Qxc3 O-O 10. e3 Bf5 11. Ne2 c6 {E35: Nimzo-Indian: Classical: 4...d5 5 cxd5 exd5} 12. Ng3 Bg6 13. Be2 Nd7 {[#] The position is equal.} 14. Rc1 $146 ({Predecessor:} 14. O-O Qd6 15. b4 f5 16. f4 Rae8 17. Rfe1 Re6 18. Bd3 Qe7 19. Nf1 Bh7 20. b5 g5 21. bxc6 {½-½ (21) Erdos,V (2585)-Matlakov,M (2691) Germany 2016}) 14... Qe6 15. O-O f5 16. b4 {[%cal Bb2b4,Bb4b5][%mdl 32]} (16. Qb4 $5 {[%cal Rb4b7]} Rfb8 17. Rfe1 $11) 16... a6 17. a4 Nb6 18. Ra1 f4 19. exf4 Rxf4 20. b5 Nc4 21. Rae1 {[#] Threatens to win with Bxc4.} Qd6 22. Bxc4 dxc4 23. Qxc4+ Bf7 24. Qc1 axb5 25. axb5 cxb5 26. Ne4 Qb8 27. Re3 Rh4 {[%csl Gh4][%cal Rb8h2]} 28. h3 Ra4 29. Qc5 {Strongly threatening Nf6+!} Rh5 30. Qe7 Qf8 31. Qxb7 {Black must now prevent Rf3.} (31. Qxf8+ {keeps more tension.} Kxf8 32. Nd6 Kg8 33. Nxf7 Kxf7 34. Rfe1) 31... Rxd4 32. Rfe1 Rf5 33. Qb6 Rdd5 34. Ra1 b4 {[%cal Bb5b4,Bb4b3][%mdl 32]} 35. Qc6 (35. Rg3 $11 Kh8 36. Ra7) 35... Rd8 $17 36. Rc1 b3 37. Ng3 $2 {[%mdl 8192] [#]} (37. Qc3 $17 {is more resistant.}) 37... Rxf2 $1 $19 {[%mdl 512] Black is clearly winning.} 38. Kxf2 {aiming for Qc3.} Bd5+ 39. Rf3 {Qxd5+ is the strong threat.} Bxc6 40. Rxf8+ Rxf8+ 41. Ke2 Bxg2 42. Rb1 Rf3 43. Nh5 Rxh3 44. Nf4 Be4 {Precision: White = 49%, Black = 65%.} 0-1

[Event "5th Cesme Open 2017"]
[Site "Cesme"]
[Date "2017.06.14"]
[Round "4.12"]
[White "Eminov, Orkhan"]
[Black "Arat, Ufuk Sezen"]
[Result "0-1"]
[WhiteElo "2290"]
[BlackElo "2398"]
[Annotator "ChessBase"]
[PlyCount "62"]
[EventType "swiss"]
[EventCountry "TUR"]
[SourceTitle "playchess.com"]
[Source "ChessBase"]
[SourceQuality "1"]
[TimeControl "5400+30"]

1. e4 {[%emt 0:00:30]} g6 {[%emt 0:04:00]} 2. Nc3 {[%emt 0:00:30]} Bg7 {[%emt 0:00:30]} 3. g3 {[%emt 0:01:30]} c5 {[%emt 0:00:00]} 4. Bg2 {[%emt 0:00:30]} Nc6 {[%emt 0:00:00]} 5. d3 {[%emt 0:00:00]} d6 {[%emt 0:00:00]} 6. Be3 {[%emt 0:03:00]} Nf6 {[%emt 0:00:00]} 7. h3 {[%emt 0:00:30]} O-O {[%emt 0:00:30]} 8. Nf3 {[%emt 0:04:30]} Rb8 {[%emt 0:06:30]} 9. Qd2 {[%emt 0:04:30]} b5 {[%emt 0:07:30]} 10. O-O {[%emt 0:03:30]} Re8 {[%emt 0:08:30]} 11. Bh6 {[%emt 0:03:30]} Bh8 {[%emt 0:04:30]} 12. Nh4 {[%emt 0:00:00]} b4 {[%emt 0:03:30]} 13. Nd1 {[%emt 0:07:00]} d5 {[%emt 0:05:30]} 14. exd5 {[%emt 0:06:30]} Nxd5 {[%emt 0:02:30]} 15. Ne3 {[%emt 0:14:30]} Be6 {[%emt 0:03:30]} 16. Nc4 {[%emt 0:04:30]} Qd7 {[%emt 0:04:30]} 17. Kh2 {[%emt 0:00:30]} Nb6 {[%emt 0:03:30]} 18. Nxb6 {[%emt 0:06:30]} axb6 {[%emt 0:00:30]} 19. f4 {[%emt 0:02:30]} Bd5 {[%emt 0:03:30]} 20. f5 {[%emt 0:10:30]} Bxg2 {[%emt 0:00:30]} 21. Qxg2 {[%emt 0:03:30]} Bxb2 {[%emt 0:05:30]} 22. Rae1 {[%emt 0:02:44]} Bf6 {[%emt 0:03:30]} 23. Qe4 {[%emt 0:02:57]} Ra8 {[%emt 0:13:30]} 24. fxg6 {[%emt 0:01:08]} hxg6 {[%emt 0:01:51]} 25. Nxg6 {[%emt 0:07:57]} Rxa2 {[%emt 0:00:06]} 26. Qc4 {[%emt 0:01:38]} b3 {[%emt 0:04:58]} 27. Re2 {[%emt 0:04:39]} Rxc2 {[%emt 0:09:52]} 28. Rxc2 {[%emt 0:00:44]} bxc2 {[%emt 0:00:08]} 29. Nf4 {[%emt 0:03:37]} Nd4 {[%emt 0:00:09]} 30. g4 {[%emt 0:00:34]} Be5 {[%emt 0:00:43]} 31. Kg2 {[%emt 0:00:17]} Qc6+ {[%emt 0:00:14]} 0-1

[Event "5th Cesme Open 2017"]
[Site "Cesme"]
[Date "2017.06.14"]
[Round "4.13"]
[White "Haznedaroglu, Kivanc"]
[Black "Abdullayev, Azer"]
[Result "1-0"]
[WhiteElo "2501"]
[BlackElo "2006"]
[Annotator "TA"]
[PlyCount "65"]
[EventType "swiss"]
[EventCountry "TUR"]
[SourceTitle "playchess.com"]
[Source "ChessBase"]
[SourceQuality "1"]

{[%evp 9,65,27,53,59,60,62,55,56,53,45,54,38,45,37,31,47,50,53,124,128,131,99,147,145,178,154,140,157,137,110,302,297,306,304,509,345,389,385,349,368,498,486,539,534,531,527,748,695,796,802,810,809,740,726,1040,1009,1745,1631]} 1. d4 Nf6 2. c4 c5 3. d5 b5 4. Qc2 e6 (4... Na6 5. a3 bxc4 6. e4 e6 7. Nc3 exd5 8. exd5 Bd6 9. Bxc4 O-O 10. Nge2 Nc7 11. O-O Re8 12. Qd3 Rb8 {½-½ (40) Mamedyarov,S (2766)-Mihok,O (2505) chess.com INT 2017}) 5. e4 exd5 6. cxd5 {A57: Benko/Volga Gambit} Qe7 7. Bxb5 $146 {Nc3 is the strong threat.} ({Predecessor:} 7. Nc3 b4 8. Nb5 Na6 9. Bd3 Nxd5 10. Ne2 Ndc7 11. Bf4 Nxb5 12. Bxb5 {1-0 (29) Blanche,P (2075)-Tripoteau,N (2296) Avoine 2006}) 7... Qxe4+ 8. Qxe4+ {White is slightly better.} Nxe4 9. Ne2 Bd6 10. Nbc3 Nxc3 11. Nxc3 O-O 12. Be3 Re8 13. O-O-O $36 {[%mdl 2048] Black is under pressure.} Ba6 ({Black should try} 13... Na6 $14) 14. Rhe1 $16 {[%cal Bh1e1,Be1e3,Be3g3][%mdl 32]} Rc8 15. Kb1 c4 16. Ba4 Bb4 17. Bd4 Bb7 18. Re3 Na6 19. Rg3 Bf8 $2 (19... g6 $16) 20. Ne4 $18 ({Don't do} 20. Bxd7 $6 Rd8 $18) 20... Kh8 {[#]} 21. Nd6 $1 {[%mdl 512]} Bxd5 $2 ({Stronger than} 21... Bxd6 22. Bxg7+ Kg8 23. Be5+ Kf8 24. Bxd6+ Ke8 25. Rg8#) (21... Nc5 {might work better.} 22. Bb5 Kg8) 22. Nxc8 Rxc8 {[#]} 23. Bxg7+ $1 {[%mdl 512]} Bxg7 24. Rxd5 Nc5 25. Bxd7 {White is clearly winning.} Nxd7 26. Rxd7 {[%mdl 4096] Endgame KRR-KRB} Rb8 27. b3 c3 28. Rxf7 Be5 29. f4 Bd4 30. Rd3 Kg8 31. Rd7 Bf6 32. R3d6 Bg7 33. Rd8+ {Precision: White = 85%, Black = 28%.} 1-0

[Event "5th Cesme Open 2017"]
[Site "Cesme"]
[Date "2017.06.14"]
[Round "4.14"]
[White "Sahin, Doga Boran"]
[Black "Morchiashvili, Bachana"]
[Result "1/2-1/2"]
[WhiteElo "2072"]
[BlackElo "2403"]
[Annotator "ChessBase"]
[PlyCount "62"]
[EventType "swiss"]
[EventCountry "TUR"]
[SourceTitle "playchess.com"]
[Source "ChessBase"]
[SourceQuality "1"]
[TimeControl "5400+30"]

1. e4 {[%emt 0:00:30]} c5 {[%emt 0:01:00]} 2. Nf3 {[%emt 0:00:00]} d6 {[%emt 0:01:30]} 3. d4 {[%emt 0:00:00]} cxd4 {[%emt 0:00:30]} 4. Nxd4 {[%emt 0:00:00]} Nf6 {[%emt 0:00:00]} 5. Nc3 {[%emt 0:00:00]} a6 {[%emt 0:02:00]} 6. Bg5 {[%emt 0:01:30]} Nbd7 {[%emt 0:02:30]} 7. f4 {[%emt 0:01:30]} g6 {[%emt 0:06:30]} 8. Qf3 {[%emt 0:05:30]} Bg7 {[%emt 0:00:30]} 9. O-O-O {[%emt 0:01:30]} O-O {[%emt 0:03:30]} 10. h4 {[%emt 0:03:30]} e5 {[%emt 0:14:30]} 11. Nb3 {[%emt 0:09:30]} exf4 {[%emt 0:01:30]} 12. Rxd6 {[%emt 0:08:30]} Qe7 {[%emt 0:11:30]} 13. Rd2 {[%emt 0:13:30]} Ne5 {[%emt 0:11:30]} 14. Qxf4 {[%emt 0:13:30]} h6 {[%emt 0:00:30]} 15. Bxf6 {[%emt 0:06:30]} Qxf6 {[%emt 0:00:30]} 16. Qxf6 {[%emt 0:02:30]} Bxf6 {[%emt 0:00:00]} 17. Nd5 {[%emt 0:00:00]} Bg7 {[%emt 0:01:00]} 18. Ne7+ {[%emt 0:01:00]} Kh7 {[%emt 0:00:30]} 19. Nxc8 {[%emt 0:00:30]} Raxc8 {[%emt 0:01:30]} 20. Be2 {[%emt 0:02:30]} h5 {[%emt 0:00:30]} 21. Kb1 {[%emt 0:01:30]} Rfe8 {[%emt 0:02:30]} 22. Rf1 {[%emt 0:02:30]} Re7 {[%emt 0:00:30]} 23. Rd5 {[%emt 0:08:48]} Nc4 {[%emt 0:07:30]} 24. Bxc4 {[%emt 0:02:30]} Rxc4 {[%emt 0:00:00]} 25. Nd2 {[%emt 0:00:03]} Rb4 {[%emt 0:01:00]} 26. b3 {[%emt 0:00:05]} Rb6 {[%emt 0:04:30]} 27. c4 {[%emt 0:01:34]} Rf6 {[%emt 0:07:12]} 28. Nf3 {[%emt 0:06:14]} Kh6 {[%emt 0:09:44]} 29. e5 {[%emt 0:00:37]} Rf4 {[%emt 0:01:12]} 30. Re1 {[%emt 0:02:06]} Rg4 {[%emt 0:00:18]} 31. Rd2 {[%emt 0:02:39]} b5 {[%emt 0:02:45]} 1/2-1/2

[Event "5th Cesme Open 2017"]
[Site "Cesme"]
[Date "2017.06.14"]
[Round "4.15"]
[White "Uzuner, Tufan Can"]
[Black "Rzayev, Bahruz"]
[Result "0-1"]
[WhiteElo "1998"]
[BlackElo "2392"]
[Annotator "TA"]
[PlyCount "72"]
[EventType "swiss"]
[EventCountry "TUR"]
[SourceTitle "playchess.com"]
[Source "ChessBase"]
[SourceQuality "1"]

{[%evp 17,72,39,47,46,42,-89,-39,-31,-27,-44,-36,-66,-46,-57,-30,-46,-40,-45,-41,-66,-70,-79,-26,-36,0,-7,0,-10,-4,0,16,0,72,77,85,89,415,11,8,-248,-249,-249,-246,-252,-257,-333,-336,-330,-341,-399,-291,-420,-403,-433,-443,-439,-436]} 1. Nf3 Nf6 2. g3 c5 3. Bg2 Nc6 4. O-O g6 5. d4 cxd4 6. Nxd4 Bg7 7. c4 Qb6 8. Nc2 O-O 9. Nc3 d6 {[%cal Bd7d6,Bd6e5,Be5e4][%mdl 32] LiveBook: 98 Games} 10. e4 {A39: Symmetrical English vs ...g6: 4 Bg2 Bg7 5 Nf3 Nf6 6 0-0 0-0 7 d4} (10. Ne3 Qc5 11. Ncd5 Nxd5 12. cxd5 Nd4 13. Re1 Qb5 14. Rb1 Bd7 15. Bd2 Rfc8 16. Bc3 Qb6 17. Qd2 Nf5 18. Nxf5 Bxf5 {1-0 (31) Melkumyan,H (2654)-Alekseev,E (2642) Minsk 2015}) 10... Bg4 11. Bf3 (11. Qd2 $1 $14) 11... Bxf3 $17 12. Qxf3 {Black is slightly better.} Nd4 13. Nxd4 Qxd4 14. e5 $146 ({Predecessor:} 14. Nd5 Nxd5 15. cxd5 Rfc8 16. Rd1 {1-0 (43) Orev,P (2224)-Stanchev,P (1849) Sofia 2011}) 14... dxe5 15. Qxb7 Qxc4 16. Qxe7 Rfe8 17. Qa3 e4 18. Bf4 Qe6 {Threatens to win with ...Qh3.} 19. Kg2 Nh5 (19... Qg4 $17) 20. Be3 $1 $11 Qg4 21. Rad1 (21. Nd5 $5 {[%cal Rd5c7]}) 21... Rab8 22. Nd5 Qf3+ 23. Kg1 Rxb2 24. Qxa7 Be5 (24... h6 $11 {remains equal.}) 25. Qd7 $16 Rf8 26. Ne7+ Kg7 $2 {[%mdl 8192]} (26... Kh8 $16 {is a better chance.}) 27. Rd5 $2 ({Weaker is} 27. Bd4 Bxd4 28. Qxd4+ Qf6 $14) ({White must play} 27. Nc6 $1 $18 {[%cal Rc6e5]} Bc3 28. Rc1) 27... Nf6 $40 {[%mdl 128] Black has some attack.} 28. Qc6 $2 {[%mdl 8192]} (28. Qh3 $11 {and White is okay.} Ng4 29. Rxe5 $1 {[%mdl 512]} Nxe3 30. fxe3 Qxe3+ 31. Kh1) 28... Nxd5 $19 29. Qxd5 {[#]} Bf6 $1 {[%cal Rf6e7]} 30. Nc6 Qf5 31. Qd6 {intending Bh6+!} Ra8 ({Not} 31... Rxa2 {[#]} 32. Bh6+ $1 {[%mdl 512]} Kxh6 33. Qxf8+ Bg7 34. Qe7 $11) 32. a3 Ra2 33. Bc5 Rc2 34. Bb4 (34. Bd4 $142) 34... Qe6 35. Qxe6 fxe6 36. Na5 Bd4 {Precision: White = 34%, Black = 54%.} 0-1

[Event "5th Cesme Open 2017"]
[Site "Cesme"]
[Date "2017.06.14"]
[Round "4.16"]
[White "Yildiz, Betul Cemre"]
[Black "Aydincelebi, Kagan"]
[Result "1/2-1/2"]
[WhiteElo "2350"]
[BlackElo "1992"]
[Annotator "TA"]
[PlyCount "83"]
[EventType "swiss"]
[EventCountry "TUR"]
[SourceTitle "playchess.com"]
[Source "ChessBase"]
[SourceQuality "1"]

{[%evp 29,83,50,50,53,40,37,36,10,20,0,0,0,0,0,0,0,0,0,6,0,0,0,0,0,0,-22,0,0,0,0,0,0,0,0,0,0,0,-8,0,0,0,0,0,0,0,0,8,8,8,8,8,8,8,0,0,0]} 1. e4 c5 2. Nf3 g6 3. d4 cxd4 4. Nxd4 Bg7 5. c4 Nc6 6. Be3 Nf6 7. Nc3 O-O 8. Be2 d6 9. O-O Bd7 10. Qd2 Nxd4 11. Bxd4 Bc6 12. f3 a5 13. b3 Nd7 14. Be3 Nc5 15. Rab1 e6 16. Rfd1 {B38: Sicilian: Maroczy Bind with 5...Bg7 and 7...0-0} Be5 17. Bd4 (17. g3 Qe7 18. Rbc1 Rad8 19. Re1 b6 20. Bf1 Qb7 21. Bg5 Rd7 22. Bh6 Bg7 23. Rcd1 Bxh6 24. Qxh6 f5 25. Bh3 fxe4 26. fxe4 Rdd8 27. Qe3 {½-½ (27) Rodshtein,M (2689)-Mista,A (2593) Drancy 2016}) 17... Qe7 18. Bxe5 {White is slightly better.} dxe5 {The position is equal.} 19. Qd6 Qxd6 20. Rxd6 Rfd8 21. Rbd1 Rxd6 22. Rxd6 Kf8 23. Kf2 Ke7 24. Rd1 $146 f5 {[%cal Rf5e4]} 25. Ke3 Rf8 26. Rd2 h5 27. exf5 (27. Bd3 $5) 27... exf5 (27... gxf5 {feels hotter.} 28. Kf2 h4 29. Bd1 e4 30. fxe4 Bxe4 31. a3 Rg8) 28. Bd1 Rd8 29. Rxd8 Kxd8 $11 {[%mdl 4096] Endgame KBN-KBN} 30. a3 {[%cal Ba2a3,Ba3b4][%mdl 32]} b6 31. b4 axb4 32. axb4 Ne6 $1 33. Bc2 h4 34. Ne2 Ke7 35. g3 hxg3 36. hxg3 Kd6 37. f4 Bg2 38. fxe5+ Kxe5 39. Nf4 Nxf4 40. gxf4+ Kf6 $1 41. Kd4 g5 42. fxg5+ {Precision: White = 72%, Black = 79%.} 1/2-1/2